00625 2200229 4500001002100000005001500021035002000036007000300056008004100059020002200100082001400122084002100136100002600157245007000183250002000253260003100273300002200304700001800326700001400344600002600358990001100384INLIS00000000000057820220407075605 a0010-0422000527ta220407 b 1 ind  a978-979-045-822-2 a899.221 3 a899.221 3 ANU t0 aAnugrah Rawiyah Salma1 aTHE STORY EXPLORER: RAHASIA Ramuan Ajaib /cAnugrah Rawiyah Salma aCetakan Pertama aSolo :bTIGA ANANDA,c2014 a104 hlm. ;c21 cm0 aYenni Saputri0 aWendy TAJ 4aAnugrah Rawiyah Salma a181088